Anastasia / (Record no. 354273)
[ view plain ]
| 000 -LEADER | |
|---|---|
| fixed length control field | 07101cgm a2201177Ia 4500 |
| 001 - CONTROL NUMBER | |
| control field | ocm52559843 |
| 003 - CONTROL NUMBER IDENTIFIER | |
| control field | OCoLC |
| 005 - DATE AND TIME OF LATEST TRANSACTION | |
| control field | 20201008115543.0 |
| 007 - PHYSICAL DESCRIPTION FIXED FIELD--GENERAL INFORMATION | |
| fixed length control field | vd cvaizk |
| 008 - FIXED-LENGTH DATA ELEMENTS--GENERAL INFORMATION | |
| fixed length control field | 030707s2003 cau104 vleng d |
| 040 ## - CATALOGING SOURCE | |
| Original cataloging agency | EYB |
| Language of cataloging | eng |
| Transcribing agency | EYB |
| Modifying agency | OCL |
| -- | OCLCQ |
| -- | EMU |
| -- | RCS |
| -- | JED |
| -- | C@R |
| -- | OCL |
| -- | OCLCA |
| -- | BTCTA |
| -- | OCLCQ |
| -- | RCS |
| -- | OCLCG |
| -- | WAU |
| -- | VP@ |
| -- | WAU |
| -- | SGB |
| -- | GK8 |
| -- | OCLCA |
| -- | OCLCQ |
| -- | BDX |
| -- | UMC |
| -- | OCLCO |
| -- | LML |
| -- | OCLCF |
| -- | OCL |
| -- | Z35 |
| -- | OCLCQ |
| -- | OCLCO |
| -- | LTP |
| -- | MTB |
| -- | OCLCA |
| -- | AZZPT |
| -- | XFG |
| -- | IOU |
| -- | SFR |
| -- | OCLCQ |
| -- | OCLCO |
| -- | OCLCA |
| -- | INT |
| -- | KNM |
| -- | OCLCQ |
| -- | WLU |
| -- | SXQ |
| -- | OCLCO |
| -- | JX9 |
| -- | RC9 |
| -- | OCLCO |
| -- | WACOL |
| 019 ## - | |
| -- | 178806078 |
| -- | 861753004 |
| -- | 974322200 |
| -- | 974411632 |
| -- | 981643566 |
| -- | 990657607 |
| -- | 992043277 |
| -- | 995321580 |
| -- | 1001864564 |
| -- | 1005011702 |
| -- | 1010973239 |
| -- | 1020436929 |
| -- | 1043434171 |
| -- | 1082459221 |
| 024 1# - OTHER STANDARD IDENTIFIER | |
| Standard number or code | 024543060918 |
| 024 1# - OTHER STANDARD IDENTIFIER | |
| Standard number or code | 00024543060918 |
| 024 1# - OTHER STANDARD IDENTIFIER | |
| Standard number or code | 024543479499 |
| 028 42 - PUBLISHER NUMBER | |
| Publisher number | 2006091 |
| Source | Twentieth Century Fox Home Entertainment |
| 029 1# - (OCLC) | |
| OCLC library identifier | AU@ |
| System control number | 000025936968 |
| 029 1# - (OCLC) | |
| OCLC library identifier | NLGGC |
| System control number | 289020891 |
| 033 00 - DATE/TIME AND PLACE OF AN EVENT | |
| Formatted date/time | 1956---- |
| 035 ## - SYSTEM CONTROL NUMBER | |
| System control number | (OCoLC)52559843 |
| Canceled/invalid control number | (OCoLC)178806078 |
| -- | (OCoLC)861753004 |
| -- | (OCoLC)974322200 |
| -- | (OCoLC)974411632 |
| -- | (OCoLC)981643566 |
| -- | (OCoLC)990657607 |
| -- | (OCoLC)992043277 |
| -- | (OCoLC)995321580 |
| -- | (OCoLC)1001864564 |
| -- | (OCoLC)1005011702 |
| -- | (OCoLC)1010973239 |
| -- | (OCoLC)1020436929 |
| -- | (OCoLC)1043434171 |
| -- | (OCoLC)1082459221 |
| 041 1# - LANGUAGE CODE | |
| Language code of text/sound track or separate title | eng |
| -- | fre |
| -- | spa |
| -- | eng |
| -- | spa |
| Language code of original and/or intermediate translations of text | eng |
| 046 ## - SPECIAL CODED DATES | |
| Beginning or single date created | 1956 |
| 050 #4 - LIBRARY OF CONGRESS CALL NUMBER | |
| Classification number | PN1997 |
| Item number | .A538 2003 |
| 050 #4 - LIBRARY OF CONGRESS CALL NUMBER | |
| Classification number | PN1997 |
| Item number | .A48 2003 |
| 082 04 - DEWEY DECIMAL CLASSIFICATION NUMBER | |
| Classification number | 791.43/72 |
| Edition number | 22 |
| 092 ## - LOCALLY ASSIGNED DEWEY CALL NUMBER (OCLC) | |
| Classification number | DVD |
| Item number | Ana |
| 049 ## - LOCAL HOLDINGS (OCLC) | |
| Holding library | WACL |
| 130 0# - MAIN ENTRY--UNIFORM TITLE | |
| Uniform title | Anastasia (Motion picture : 1956) |
| 9 (RLIN) | 6378551 |
| 245 10 - TITLE STATEMENT | |
| Title | Anastasia / |
| Statement of responsibility, etc | 20th Century Fox presents a Cinemascope picture ; screenplay by Arthur Laurents ; produced by Buddy Adler ; directed by Anatole Litvak. |
| 260 ## - PUBLICATION, DISTRIBUTION, ETC. (IMPRINT) | |
| Place of publication, distribution, etc | [Beverly Hills, Calif.] : |
| Name of publisher, distributor, etc | Twentieth Century Fox Home Entertainment, |
| Date of publication, distribution, etc | 2003. |
| 300 ## - PHYSICAL DESCRIPTION | |
| Extent | 1 videodisc (104 min.) : |
| Other physical details | sound, color ; |
| Dimensions | 4 3/4 in. |
| 306 ## - PLAYING TIME | |
| Playing time | 014400 |
| 336 ## - Content Type | |
| Content type term | two-dimensional moving image |
| 337 ## - Media type | |
| Media type term | video |
| 338 ## - Carrier type | |
| Carrier type term | videodisc |
| 490 1# - SERIES STATEMENT | |
| Series statement | Studio classics ; |
| Volume number/sequential designation | 9 |
| 538 ## - SYSTEM DETAILS NOTE | |
| System details note | DVD, NTSC, region 1, anamorphic widescreen format (aspect ratio 2.35:1); 4.0 surround, mono. |
| 546 ## - LANGUAGE NOTE | |
| Language note | English, French or Spanish language soundtrack with optional subtitles in English and Spanish; closed-captioned in English for the hearing impaired. |
| 511 1# - PARTICIPANT OR PERFORMER NOTE | |
| Participant or performer note | Ingrid Bergman, Yul Brynner, Helen Hayes, Akim Tamiroff, Martita Hunt, Felix Aylmer, Sacha Pitoeff, Ivan Desny, Natalie Schafer, Gregoire Gromoff, Karel Stepanek, Ina de la Haye, Katherine Kath. |
| 508 ## - CREATION/PRODUCTION CREDITS NOTE | |
| Creation/production credits note | Music, Alfred Newman ; director of photography, Jack Hildyard ; editing, Bert Bates. |
| 500 ## - GENERAL NOTE | |
| General note | "From the play by Marcelle Maurette as adapted by Guy Bolton." |
| 500 ## - GENERAL NOTE | |
| General note | Originally released as a motion picture in 1956. |
| 505 0# - FORMATTED CONTENTS NOTE | |
| Formatted contents note | Russian Easter -- Meeting Bounine -- Is she, or isn't she? -- Training -- Meeting the committee -- More training -- A party -- The dowager empress -- At the theatre -- Prince Paul -- Doubt -- The meeting -- Back with the gypsies -- A press conference -- A presentation -- Anastasia and the empress -- She is gone. |
| 521 8# - TARGET AUDIENCE NOTE | |
| Target audience note | Not rated by MPAA. |
| 520 ## - SUMMARY, ETC. | |
| Summary, etc | An expatriate White Russian general sets in motion a grand hoax after he meets a destitute woman on the banks of the Seine River in Paris. He is amazed at her resemblance to Anastasia, the youngest daughter of Czar Nicholas of Russia, rumored to have somehow survived the Bolsheviks' execution of the Romanoff family in 1918. He trains her to impersonate the missing princess but soon begins to feel she may be the real Anastasia. Ultimately, the truth can only be decided by one person--Anastasia's grandmother, the Dowager Empress. |
| 586 ## - AWARDS NOTE | |
| Awards note | 1956 Academy Award winner, best actress, Ingrid Bergman. |
| 500 ## - GENERAL NOTE | |
| General note | Special features include: audio commentary by Jon Burlingame, Arthur Laurents, James MacArthur and Sylvia Stoddard ; "Anastasia, her true story," episode from A & E's program Biography ; Movietone News newsreels (film premieres, award show clips, Romanov Family footage) ; restoration comparison ; theatrical trailer. |
| 521 ## - TARGET AUDIENCE NOTE | |
| Target audience note | DVD |
| Source | Midwest Tape |
| 600 00 - SUBJECT ADDED ENTRY--PERSONAL NAME | |
| Personal name | Anastasi�i�a Nikolaevna, |
| Titles and other words associated with a name | Grand Duchess, daughter of Nicholas II, Emperor of Russia, |
| Dates associated with a name | 1901-1918 |
| Form subdivision | Drama. |
| 9 (RLIN) | 5774299 |
| 650 #0 - SUBJECT ADDED ENTRY--TOPICAL TERM | |
| Topical term or geographic name as entry element | False personation |
| Form subdivision | Drama. |
| 9 (RLIN) | 6378552 |
| 650 #0 - SUBJECT ADDED ENTRY--TOPICAL TERM | |
| Topical term or geographic name as entry element | Grandparent and child |
| Form subdivision | Drama. |
| 9 (RLIN) | 5762703 |
| 650 #7 - SUBJECT ADDED ENTRY--TOPICAL TERM | |
| Topical term or geographic name as entry element | Fraude |
| Form subdivision | Teatro. |
| Source of heading or term | bidex |
| 9 (RLIN) | 6378553 |
| 650 #7 - SUBJECT ADDED ENTRY--TOPICAL TERM | |
| Topical term or geographic name as entry element | Grandmothers |
| Form subdivision | Teatro. |
| Source of heading or term | bidex |
| 9 (RLIN) | 6378554 |
| 600 07 - SUBJECT ADDED ENTRY--PERSONAL NAME | |
| Personal name | Anastasi�i�a Nikolaevna, |
| Titles and other words associated with a name | Grand Duchess, daughter of Nicholas II, Emperor of Russia, |
| Dates associated with a name | 1901-1918. |
| Source of heading or term | fast |
| -- | (OCoLC)fst00017548 |
| 9 (RLIN) | 5774300 |
| 650 #7 - SUBJECT ADDED ENTRY--TOPICAL TERM | |
| Topical term or geographic name as entry element | False personation. |
| Source of heading or term | fast |
| -- | (OCoLC)fst00920111 |
| 9 (RLIN) | 6378555 |
| 650 #7 - SUBJECT ADDED ENTRY--TOPICAL TERM | |
| Topical term or geographic name as entry element | Grandparent and child. |
| Source of heading or term | fast |
| -- | (OCoLC)fst00946360 |
| 9 (RLIN) | 6378556 |
| 655 #0 - INDEX TERM--GENRE/FORM | |
| Genre/form data or focus term | Feature films. |
| -- | (RC9)324962 |
| 9 (RLIN) | 6378557 |
| 655 #0 - INDEX TERM--GENRE/FORM | |
| Genre/form data or focus term | Video recordings for the hearing impaired. |
| -- | (RC9)325020 |
| 9 (RLIN) | 6378558 |
| 655 #4 - INDEX TERM--GENRE/FORM | |
| Genre/form data or focus term | Historical |
| Form subdivision | Feature. |
| 9 (RLIN) | 5709379 |
| 655 #7 - INDEX TERM--GENRE/FORM | |
| Genre/form data or focus term | Drama. |
| Source of term | fast |
| -- | (OCoLC)fst01423879 |
| 9 (RLIN) | 6378559 |
| 655 #7 - INDEX TERM--GENRE/FORM | |
| Genre/form data or focus term | Feature films. |
| Source of term | fast |
| -- | (OCoLC)fst01710384 |
| 9 (RLIN) | 6378557 |
| 655 #7 - INDEX TERM--GENRE/FORM | |
| Genre/form data or focus term | Historical films. |
| Source of term | fast |
| -- | (OCoLC)fst01710314 |
| 9 (RLIN) | 6378560 |
| 655 #7 - INDEX TERM--GENRE/FORM | |
| Genre/form data or focus term | Video recordings for the hearing impaired. |
| Source of term | fast |
| -- | (OCoLC)fst01710450 |
| 9 (RLIN) | 6378558 |
| 655 #7 - INDEX TERM--GENRE/FORM | |
| Genre/form data or focus term | Feature films. |
| Source of term | gsafd |
| 9 (RLIN) | 6378557 |
| 655 #7 - INDEX TERM--GENRE/FORM | |
| Genre/form data or focus term | Historical films. |
| Source of term | gsafd |
| 9 (RLIN) | 6378560 |
| 655 #7 - INDEX TERM--GENRE/FORM | |
| Genre/form data or focus term | Feature films. |
| Source of term | lcgft |
| 9 (RLIN) | 6378557 |
| 655 #7 - INDEX TERM--GENRE/FORM | |
| Genre/form data or focus term | Video recordings for the hearing impaired. |
| Source of term | lcgft |
| 9 (RLIN) | 6378558 |
| 655 #7 - INDEX TERM--GENRE/FORM | |
| Genre/form data or focus term | Film adaptations. |
| Source of term | lcgft |
| 9 (RLIN) | 6378561 |
| 655 #7 - INDEX TERM--GENRE/FORM | |
| Genre/form data or focus term | Historical |
| Form subdivision | Feature. |
| Source of term | migfg |
| 9 (RLIN) | 5709379 |
| 700 1# - ADDED ENTRY--PERSONAL NAME | |
| Personal name | Litvak, Anatole, |
| Dates associated with a name | 1902-1974. |
| 9 (RLIN) | 26993 |
| 700 1# - ADDED ENTRY--PERSONAL NAME | |
| Personal name | Adler, Buddy, |
| Dates associated with a name | 1906-1960. |
| 9 (RLIN) | 26712 |
| 700 1# - ADDED ENTRY--PERSONAL NAME | |
| Personal name | Laurents, Arthur. |
| 9 (RLIN) | 24154 |
| 700 1# - ADDED ENTRY--PERSONAL NAME | |
| Personal name | Bergman, Ingrid, |
| Dates associated with a name | 1915-1982. |
| 9 (RLIN) | 6378562 |
| 700 1# - ADDED ENTRY--PERSONAL NAME | |
| Personal name | Brynner, Yul. |
| 9 (RLIN) | 17549 |
| 700 1# - ADDED ENTRY--PERSONAL NAME | |
| Personal name | Hayes, Helen, |
| Dates associated with a name | 1900-1993. |
| 9 (RLIN) | 2652 |
| 700 1# - ADDED ENTRY--PERSONAL NAME | |
| Personal name | Tamiroff, Akim, |
| Dates associated with a name | 1899-1972. |
| 9 (RLIN) | 26019 |
| 700 1# - ADDED ENTRY--PERSONAL NAME | |
| Personal name | Hunt, Martita, |
| Dates associated with a name | 1900-1969. |
| 9 (RLIN) | 6378563 |
| 700 1# - ADDED ENTRY--PERSONAL NAME | |
| Personal name | Aylmer, Felix, |
| Dates associated with a name | 1889-1979. |
| 9 (RLIN) | 5828274 |
| 700 1# - ADDED ENTRY--PERSONAL NAME | |
| Personal name | Pito�eff, Sacha, |
| Dates associated with a name | 1920-1990. |
| 9 (RLIN) | 6378564 |
| 700 1# - ADDED ENTRY--PERSONAL NAME | |
| Personal name | Desny, Ivan. |
| 9 (RLIN) | 5828277 |
| 700 1# - ADDED ENTRY--PERSONAL NAME | |
| Personal name | Schafer, Natalie, |
| Dates associated with a name | 1900-1991. |
| 9 (RLIN) | 59675 |
| 700 1# - ADDED ENTRY--PERSONAL NAME | |
| Personal name | Gromoff, Gr�egoire. |
| 9 (RLIN) | 6378565 |
| 700 1# - ADDED ENTRY--PERSONAL NAME | |
| Personal name | Stepanek, Karel, |
| Dates associated with a name | 1899-1980. |
| 9 (RLIN) | 6378566 |
| 700 1# - ADDED ENTRY--PERSONAL NAME | |
| Personal name | De La Haye, Ina, |
| Dates associated with a name | 1906-1972. |
| 9 (RLIN) | 6378567 |
| 700 1# - ADDED ENTRY--PERSONAL NAME | |
| Personal name | Kath, Katherine. |
| 9 (RLIN) | 5828281 |
| 700 1# - ADDED ENTRY--PERSONAL NAME | |
| Personal name | Newman, Alfred, |
| Dates associated with a name | 1901-1970. |
| 9 (RLIN) | 25972 |
| 700 1# - ADDED ENTRY--PERSONAL NAME | |
| Personal name | Hildyard, Jack. |
| 9 (RLIN) | 30738 |
| 700 1# - ADDED ENTRY--PERSONAL NAME | |
| Personal name | Bolton, Guy, |
| Dates associated with a name | 1884-1979. |
| 9 (RLIN) | 19656 |
| 700 1# - ADDED ENTRY--PERSONAL NAME | |
| Personal name | Burlingame, Jon. |
| 9 (RLIN) | 6378568 |
| 700 1# - ADDED ENTRY--PERSONAL NAME | |
| Personal name | Stoddard, Sylvia. |
| 9 (RLIN) | 6378569 |
| 700 0# - ADDED ENTRY--PERSONAL NAME | |
| Personal name | Marcelle-Maurette. |
| Title of a work | Anastasia. |
| 9 (RLIN) | 6378570 |
| 710 2# - ADDED ENTRY--CORPORATE NAME | |
| Corporate name or jurisdiction name as entry element | Twentieth Century-Fox Film Corporation. |
| 9 (RLIN) | 5758 |
| 710 2# - ADDED ENTRY--CORPORATE NAME | |
| Corporate name or jurisdiction name as entry element | Twentieth Century Fox Home Entertainment, Inc. |
| 9 (RLIN) | 61951 |
| 710 2# - ADDED ENTRY--CORPORATE NAME | |
| Corporate name or jurisdiction name as entry element | Cinemascope (Firm) |
| 9 (RLIN) | 6255289 |
| 730 0# - ADDED ENTRY--UNIFORM TITLE | |
| Uniform title | Biography (Television program) |
| 9 (RLIN) | 63137 |
| 830 #0 - SERIES ADDED ENTRY--UNIFORM TITLE | |
| Uniform title | Studio classic ; |
| Volume number/sequential designation | 9. |
| 9 (RLIN) | 61968 |
| 856 41 - ELECTRONIC LOCATION AND ACCESS | |
| Uniform Resource Identifier | <a href="http://www.imdb.com/title/tt0048947/?ref_=nv_sr_5">http://www.imdb.com/title/tt0048947/?ref_=nv_sr_5</a> |
| Public note | Connect to IMDb information for this film |
| 938 ## - | |
| -- | Brodart |
| -- | BROD |
| -- | 08691754 |
| -- | $14.98 |
| 938 ## - | |
| -- | Baker and Taylor |
| -- | BTCP |
| -- | be2003012510 |
| 994 ## - | |
| -- | C0 |
| -- | WACOL |
| Withdrawn status | Lost status | Source of classification or shelving scheme | Damaged status | Not for loan | Collection code | Home library | Current library | Shelving location | Date acquired | Source of acquisition | Total Checkouts | Total Renewals | Full call number | Barcode | Date last seen | Date checked out | Cost, replacement price | Price effective from | Koha item type |
|---|---|---|---|---|---|---|---|---|---|---|---|---|---|---|---|---|---|---|---|
| Dewey Decimal Classification | Movies | Wasatch County Library | Wasatch County Library | Audio Visual Area | 10/08/2020 | Midwest Tape | 8 | 8 | DVD Ana | 34301000452971 | 08/29/2025 | 08/08/2025 | 14.98 | 10/08/2020 | DVD |
